| 000 | 00556nam a2200181Ia 4500 | ||
|---|---|---|---|
| 005 | 20260429112042.0 | ||
| 008 | 260429s9999||||xx |||||||||||||| ||und|| | ||
| 020 | _a9789391798468 | ||
| 041 | _aHindi | ||
| 082 |
_a891.24 _bKOU |
||
| 100 | _aकौर, शोभा | ||
| 245 | 0 |
_aसाहित्य और पर्यावरण / _cशोभा कौर |
|
| 250 | _arev. | ||
| 260 |
_aदिल्ली : _bएकैडमिक पब्लिकेशन, _c2024. |
||
| 300 | _a146 p.; Hb | ||
| 650 | _aSanskrit Literature | ||
| 942 | _cTB | ||
| 999 |
_c52095 _d52095 |
||